000 00381nam a2200145Ia 4500
008 230917s9999||||xx |||||||||||||| ||und||
040 _e111160
_aMAIN
041 _aEnglish
082 _a780.954 S64B
100 _aSingh, Rajendra prasad
245 0 _aBharatiya sangeet ka samajshastriya sandarbh
260 _aNew Delhi
_bNational Pub.
_c2004
300 _a146 p.
942 _cBK
999 _c130427
_d130427